| 000 | 00983nas a2200301 4500 | ||
|---|---|---|---|
| 001 | BR2010003191 | ||
| 003 | BR-BrBNA | ||
| 005 | 20231205114115.0 | ||
| 007 | ta | ||
| 008 | 230509b bl.|||p| |||| 00| 00por d | ||
| 040 |
_aBR-BrBNA _bpor _cBiblioteca Nacional de Agricultura |
||
| 041 | _a(Pt) | ||
| 072 | _aE16 | ||
| 100 | 1 | _aOaigen, R.P. | |
| 100 | 1 | _aBarcellos, J.O.J. | |
| 100 | 1 | _aChristofari, L.F. | |
| 100 | 1 | _aBraaccini Neto, J. | |
| 100 | 1 | _aOliveira, T.E. de | |
| 100 | 1 | _aPrates, E.R. | |
| 245 | 1 | _aAnálise da sensibilidade da metodologia dos centros de custos mediante a introdução de tecnologias em um sistema de produção de cria | |
| 650 | _aGADO DE CORTE | ||
| 650 | _aCUSTO DE PRODUÇÃO | ||
| 650 | _aINDICADOR ECONÔMICO | ||
| 650 | _aSIMULAÇÃO | ||
| 773 | 0 |
_tRevista Brasileira de Zootecnia (Brazil) _xISSN 1516-3598 _g(Jun 2009), v. 38(6) p. 1155-1162 _wBR2010003191 |
|
| 909 |
_a202311 _bLúcia _c55 _dLúcia Elande |
||
| 942 |
_2AGRIS _n0 _cANA |
||
| 999 |
_c207103 _d207103 |
||